| 000 | 00468 a2200157 4500 | ||
|---|---|---|---|
| 999 |
_c326389 _d326389 |
||
| 001 | 91316 | ||
| 003 | NUST | ||
| 082 | _a891.551 WHI | ||
| 100 |
_aJalal Ad-Din Rumi ; Whinfield, E.H. _99923 |
||
| 245 |
_aRumi; Works of the great philosopher, Poet and Mystic _nEnglish |
||
| 250 | _a1st | ||
| 260 |
_aAustralia _bAxiom Publishing _c2012 |
||
| 300 |
_a126 p. _bPB |
||
| 500 | _aGeneral Book | ||
| 810 |
_aSelections from the Masnavi by Jalala ud din Rumi _99924 |
||
| 942 |
_aCAE NUST _cBK _k891.551 WHI _2ddc |
||